Flagi miast Europy - Statystyki

Ogólne statystyki
  • Ten quiz został rozwiązany 22 razy
  • Średni wynik to 11 z 24
Statystyki odpowiedzi
Obrazkowy Odpowiedź % Poprawnych
Paryż
79%
Wrocław
79%
Barcelona
71%
Budapeszt
71%
Ateny
64%
Kraków
64%
Braga
57%
Kiszyniów
57%
Ankara
50%
Berno
50%
Lyon
50%
Porto
50%
Wilno
50%
Lwów
43%
Monachium
43%
Bruksela
36%
Turyn
36%
Liverpool
29%
Nicea
29%
Ostrawa
29%
Sofia
29%
Dortmund
21%
Sevilla
7%
Trondheim
7%
Nie znaleziono quizów pasujących do podanych kryteriów
Rozkład punktacji
Procent ludzi z każdym wynikiem
Percentyl według liczby udzielonych odpowiedzi
Twoja historia wyników
Nie rozwiązałeś tego quizu